000 00323nam a2200145Ia 4500
005 20250423095602.0
008 250422s9999 xx 000 0 und d
020 _a0- 440- 32609- 5
050 _aPS 634.C57/
245 0 _aHarold Clurman
260 _bDell publishing
260 _c1972
300 _a395 p
942 _cBK
999 _c30721
_d30721